Statistics for Countries's National Tree

Click here to take the quiz!

General Stats

  • This quiz has been taken 16 times
  • The average score is 3 of 15

Answer Stats

CountryTree% Correct
SpainEvergreen Oak
100%
JapanCherry Blossom
27%
CanadaMaple Tree
27%
USAOak Tree
27%
UKOak Tree
27%
HodurasPinus Oocarpa
20%
New ZealandSilver Fern
13%
IndiaFicus bengalensis
7%
ChinaGinkgo
7%
FranceEuropean Yew
0%
MexicoMontezuma Baldcypress
0%
GermanyOak Quercus
0%
RussiaSiberian Fir Abies Sibirica
0%
PanamaSterculia Apetala
0%
ItalyStrawberry Tree
0%

Score Distribution

Percentile by Number Answered

Percent of People with Each Score

Your Score History

You have not taken this quiz